000
003120000a22001450004500
003
MACL
040
_a
MACL
090
_c
32247
_d
32245
100
_a
Rajaram, Kalpana
245
_a
Facts of Indian Culture
260
_b
Spectrum India
_c
2002
350
_a
120
650
_a
Sociology
942
_c
BOOK
_k
303.482/RAJ
999
_c
31919
_d
31919